Amazon /

Uloženo v:
Podrobná bibliografie
Hlavní autor: Zuddas, Gianluigi (Autor)
Médium: Kniha
Jazyk:italština
Vydáno: Milano : Nord, 1998
Edice:Fantacollana ; 156
Tagy: Přidat tag
Žádné tagy, Buďte první, kdo vytvoří štítek k tomuto záznamu!

MARC

LEADER 00000nam a22000007i 4500
001 IT\ICCU\VIA\0068247
003 ItRI
005 20260115231911.0
008 980714s1998 it |||||| ||||| |||||c
015 |2 IT  |a 99-3409 
020 |a 8842910287 
040 |b ita  |c importazione bologna sebina 
041 7 |a ita  |2 ISO-639-2 
082 |a 853.914  |9 NARRATIVA ITALIANA. 1945-  |2 20 
100 1 |a Zuddas, Gianluigi  |0 IT\ICCU\CFIV\058431  |4 aut 
240 1 0 |a Amazon  |3 IT\ICCU\RAV\2100149  |9 Zuddas, Gianluigi 
245 1 0 |a Amazon /  |c Gianluigi Zuddas. 
260 |a Milano :  |b Nord,  |c 1998 
300 |a VI, 260 p. ;  |c 20 cm. 
830 0 |a Fantacollana ;  |v 156  |0 IT\ICCU\CFI\0003102 
942 |2 ddc  |c BK  |n 0 
952 |0 0  |1 0  |4 0  |6 DOC_853_914000000000000_ZUD  |7 0  |9 15847  |a BO  |b BO  |d 2026-01-15  |i 19993  |l 0  |o DOC 853.914 ZUD  |p BO19993  |r 2026-01-15 23:19:11  |w 2026-01-15  |x [Sebina 5] [1 v.]  |y BK  |z 1 v. 
999 |c 13624  |d 13624